BSOP header

Alternative medicine : (Record no. 48400)

MARC details
000 -LEADER
fixed length control field 00726nam a22002655a 4500
003 - CONTROL NUMBER IDENTIFIER
control field IeDuTC
005 - DATE AND TIME OF LATEST TRANSACTION
control field 20191015162706.0
008 - FIXED-LENGTH DATA ELEMENTS--GENERAL INFORMATION
fixed length control field 960610s1995 enk 000 0 eng
015 ## - NATIONAL BIBLIOGRAPHY NUMBER
National bibliography number GB96-47870
016 00 - NATIONAL BIBLIOGRAPHIC AGENCY CONTROL NUMBER
Record control number 100=NOTNAL
020 ## - INTERNATIONAL STANDARD BOOK NUMBER
International Standard Book Number 1854243241 (pbk)
035 00 - SYSTEM CONTROL NUMBER
System control number 2180803
040 ## - CATALOGING SOURCE
Original cataloging agency UkCU
Modifying agency IeDuTC
100 1# - MAIN ENTRY--PERSONAL NAME
Personal name Coker, Robina.
245 10 - TITLE STATEMENT
Title Alternative medicine :
Remainder of title helpful or harmful ? /
Statement of responsibility, etc Robina Coker.
260 ## - PUBLICATION, DISTRIBUTION, ETC. (IMPRINT)
Place of publication, distribution, etc Crowborough :
Name of publisher, distributor, etc Monarch,
Date of publication, distribution, etc 1995.
300 ## - PHYSICAL DESCRIPTION
Extent 141p. ;
Dimensions 20cm.
336 ## - CONTENT TYPE
Content Type Term text
337 ## - MEDIA TYPE
Media Type Term unmediated
338 ## - CARRIER TYPE
Carrier Type Term volume
500 ## - GENERAL NOTE
General note At foot of title: Christian Medical Fellowship.
650 #0 - SUBJECT ADDED ENTRY--TOPICAL TERM
Topical term or geographic name as entry element Alternative medicine.
710 2# - ADDED ENTRY--CORPORATE NAME
Corporate name or jurisdiction name as entry element Christian Medical Fellowship.
942 ## - ADDED ENTRY ELEMENTS (KOHA)
Source of classification or shelving scheme Library of Congress Classification
Item type Books
Holdings
Withdrawn status Lost status Source of classification or shelving scheme Damaged status Not for loan Home library Current library Shelving location Date acquired Inventory number Total Checkouts Full call number Barcode Date last seen Price effective from Koha item type
    Library of Congress Classification     BSOP Library BSOP Library GC 10/15/2019 18014   RZ209.7 C66 00021892 10/15/2019 10/15/2019 Books
BSOP

Biblical Seminary of the Philippines
  All rights Reserved
  © 2024

CONTACT INFORMATION

Biblical Seminary of the Philippines,
  77-B Karuhatan Road, Valenzuela City,
  PHILIPPINES 1441
  Phone: +632 8292-6795 / 8292-6798
  Fax : +632 8292-6675
  Email: library@bsop.edu.ph